Unia Europejska - prawda czy fałsz? - Statystyki

Ogólne statystyki
  • Ten quiz został rozwiązany 446 razy
  • Średni wynik to 15 z 20
Statystyki odpowiedzi
Zagadnienie Odpowiedź % Poprawnych
Wszystkie kraje Unii Europejskiej korzystają z euro jako waluty Fałsz
97%
Polska dołączyła do Unii Europejskiej w 2004 roku Prawda
94%
Religią dominującą jest chrześcijaństwo Prawda
92%
W Unii Europejskiej można podróżować bez paszportu między większością krajów Prawda
89%
Główna siedziba Europarlamentu znajduje się w Paryżu Fałsz
88%
Wielka Brytania opuściła Unię Europejską w 2020 roku Prawda
85%
Flaga Unii Europejskiej ma 12 złotych gwiazd na niebieskim tle Prawda
83%
Unia Europejska pozwala na handel między krajami bez cła Prawda
79%
Norwegia należy do Unii Europejskiej Fałsz
76%
W Unii Europejskiej żyje ponad 400 milionów ludzi Prawda
74%
Każde dziecko w Unii może pojechać na wymianę do innego kraju Prawda
73%
Każde państwo członkowskie ma swojego komisarza w Komisji Europejskiej Prawda
72%
Unia Europejska powstała 1 września 1994 Fałsz
70%
Ostatnim krajem członkowskim według daty dołączenia jest Słowenia Fałsz
69%
10 państw dołączyło do Unii Europejskiej w 2004 roku Prawda
67%
W skład Unii Europejskiej wchodzą 24 państwa członkowskie Fałsz
66%
Czarnogóra i Kosowo nie są w Unii Europejskiej ale korzystają z waluty euro Prawda
65%
Na terenie Unii Europejskiej 24 języki mają status języka oficjalnego Prawda
61%
Hymn Unii Europejskiej to Oda do Wolności Fałsz
56%
Największym miastem w Unii Europejskiej które nie jest stolicą jakiegoś państwa to Hamburg (same miasto, nie aglomeracja) Prawda
56%
Nie znaleziono quizów pasujących do podanych kryteriów
Rozkład punktacji
Procent ludzi z każdym wynikiem
Percentyl według liczby udzielonych odpowiedzi
Twoja historia wyników
Nie rozwiązałeś tego quizu